000 00445nam a22001457a 4500
999 _c533622
_d533622
082 _aA99 Ac44
100 _aAcharya, B.P.
_961078
245 _aObtuse angel: a bureaucrat's journey through cartoons
_cby B.P. Acharya
260 _aHyderabad
_bVisual Quest Books
_c2025
300 _a288p.
650 _aAcharya, B.P., 1960 -
_961079
650 _aBureaucracy
_961080
650 _aCaricatures and cartoons
_961081
650 _aCivil service
_961082